Statistics for Complete These Famous Catch Phrases #1

Click here to take the quiz!

General Stats

  • This quiz has been taken 69 times
  • The average score is 13 of 20

Answer Stats

SourceCharacterCatch PhraseAnswer% Correct
The FlintstonesFred"Yabba Dabba..."Doo
100%
Who Wants to Be a Millionaire?Regis Philbin"Is that your final...?"Answer
91%
FriendsJoey Tribbiani"How you...?"Doin'
88%
Star TrekSpock"Live long and..."Prosper
84%
The TerminatorTerminator"I'll be..."Back
81%
The GodfatherDon Corleone"I'm going to make him an offer he can't..."Refuse
81%
Mission: ImpossibleThe Tape"This tape will self-destruct in five..."Seconds
78%
The Incredible HulkDavid BannerDon't make me...Angry
76%
Apocalypse NowLieutenant Kilgore"I love the smell of napalm in the..."Morning
72%
The SimpsonsBartEat my...Shorts
64%
South ParkStan Marsh"Oh my God, they killed...!"Kenny
60%
Diff'rent StrokesArnold Jackson"What'choo talkin' 'bout,...?"Willis
60%
Good TimesJ.J. Evans"Dy-no-...!"Mite
58%
Family MattersUrkel"Did I do...?"That
58%
The Brady BunchJan Brady"Marcia, Marcia...!"Marcia
57%
The Price is RightJohnny Olson"Come on...!"Down
54%
Star Trek: The Next GenerationBorg"Resistance is..."Futile
54%
SurvivorJeff Probst"The Tribe has...."Spoken
51%
Project RunwayTim Gunn"Make it..."Work
34%
Lost In SpaceRobot"Danger, Will...!"Robinson
30%

Score Distribution

Percentile by Number Answered

Percent of People with Each Score

Your Score History

You have not taken this quiz